000 00538nam a2200193 u 4500
001 000003510
003 DO-SdBNP
005 20220831135618.0
007 ta
008 090709s197u dr c 001 0 spa d
040 _aDO-SdBNP
_bspa
_cDO-SdBNP
082 4 _222
245 0 0 _aMemoria de la basílica menor de Santa María, Virgen de la Altagracia, Higüey, 1971.
260 _a[Santo Domingo] :
_b[s.n.],
_c197?
300 _a114 p. :
_bretr.
_c30 cm.
500 _aIncluye índice
590 _aInventariado, 2020/ YL
942 _2ddc
_cLBS1
999 _c3337
_d3337